Instrucciones naúticas de la costa de Chile: de Llanquihue a Coquimbo

Сохранить в:
Библиографические подробности
Главный автор: Chaigneau, J. Federico (Автор)
Формат:
Язык:испанский
Опубликовано: Santiago Barcelona 1895
Редактирование:1a. ed
Предметы:
Метки: Добавить метку
Нет меток, Требуется 1-ая метка записи!

MARC

LEADER 00000nam a2200000 a 4500
001 UCY5293
003 CL-VaPUC
008 950425e18950000CL |||||||||||||||||spa|d
082 0 4 |a 918.3  |b CHA  |2 21 
100 0 |a Chaigneau, J. Federico  |e author  |9 333988 
245 1 0 |a Instrucciones naúticas de la costa de Chile: de Llanquihue a Coquimbo 
250 |a 1a. ed 
300 |a 109 p 
942 |c BK 
945 |d 19950425 00:00:00  |a oaravena 
260 |a Santiago  |b Barcelona  |c 1895 
650 7 |a DERROTAS NAUTICAS  |2 CL-VaPUC  |9 333989 
650 0 |a Navegación   |9 255384 
650 0 |a Puertos  |9 260105 
650 0 |a Mareas  |9 261385 
650 0 |a Vientos  |9 333990 
650 0 |a Corrientes marinas  |9 261372 
650 0 |a Iconografía   |9 267998 
651 7 |a CHILE  |2 CL-VaPUC  |9 333991 
583 |a last modification  |c 19950425 00:00:00  |k Rodrigo Vera 
999 |c 232986  |d 232984 
952 |0 0  |1 0  |4 0  |6 918_300000000000000_CHA_1895  |7 0  |8 X  |9 238016  |a BIBHIS  |b BIBHIS  |d 2019-11-18  |i 3076342  |o 918.3 CHA 1895  |p 3076342  |r 2019-11-18  |w 2019-11-18  |y BK_X  |k HIS 
952 |0 0  |1 0  |4 0  |6 918_300000000000000_CHA_1895  |7 0  |8 X  |9 238017  |a FDOBUD  |b FDOBUD  |d 2019-11-18  |i 1055135  |o 918.3 CHA 1895  |p 1055135  |r 2019-11-18  |w 2019-11-18  |y BK_X  |k BUD